000 03092cam a2200301 4500500
005 20260111150244.0
041 _afre
042 _adc
100 1 0 _aChaïb, Sabah
_eauthor
245 0 0 _aCantines et restaurants algériens à Paris et dans le département de la Seine entre 1920 et 1950. Manger sous contrôles
260 _c2014.
500 _a65
520 _aCet article a pour cadre l’histoire politique et sociale du dispositif commercial algérien dans le contexte colonial métropolitain des années 1920 aux années 1950. En s’appuyant sur des travaux historiographiques récents ou peu exploités et des archives de la Préfecture de Police de Paris ou encore de la Seine, l’auteure se focalise plus particulièrement sur la restauration. Elle met en lumière diverses formes de contrôle dont l’émigration algérienne est l’objet de la part tant de la police, des autorités publiques et du patronat, que des commerçants compatriotes et des organisations nationalistes. Restaurants privés, cantines de foyers ou encore cantines d’entreprises sont des lieux concurrents d’encadrement et de contrôle de la masse émigrée.
520 _aAlgerian Canteens and Restaurants in Paris and in the Seine department (1920‑1950). Eating under controlThis paper is focused on the political and social history of the Algerian shops in the colonial and metropolitan context of the 1920’s till 1950’s. Based on recent or rediscovered historiographical surveys as well as uninvestigated archives (Archives de la Seine, Prefecture de Police de Paris), the author scrutinizes especially restaurant trade. She demonstrates how the Algerian immigration is controlled by both public and private bodies (police, public authorities, employers, Algerian shopkeepers and nationalists), which pursue different goals and use different methods. Private restaurants, lunch stalls in hostels or employers’ lunch stalls are the rival places to cater to and control Algerian migrants.
520 _aDer Beitrag widmet sich vor dem Hintergrund der Kolonialgeschichte der 1920‑1950er Jahre der politischen und sozialen Geschichte algerischer Geschäfte in Paris. Hierzu greift der Autor auf neue und bisher wenig untersuchte Archivquellen zurück. Gerade im Bereich der Gastronomie lässt sich eine doppelte – interne und externe – Kontrolle herausarbeiten: Von Seiten der Polizei und der Behörden einerseits sowie von anderen algerischen Geschäftsleuten und nationalistischen Organisationen andererseits. Private Restaurants oder Kantinen wurden so zu Orten der Überwachung und Kontrolle der Einwanderer.
690 _aalgériens
690 _acolonisation
690 _acontrôle
690 _amigration
690 _arestaurant
690 _aalgerians
690 _acolonization
690 _acontrol
690 _amigration
690 _arestaurant
786 0 _nEthnologie française | 44 | 1 | 2014-02-01 | p. 37-50 | 0046-2616
856 4 1 _uhttps://shs.cairn.info/revue-ethnologie-francaise-2014-1-page-37?lang=fr&redirect-ssocas=7080
999 _c1637312
_d1637312